000 00351nam a22001217a 4500
008 180517b xxu||||| |||| 00| 0 eng d
041 _aeng
080 _a043.3
100 _a0
101 _aMEK-BA
245 _aReal Time Follow by Robot (Ndjekja e Rruges ne kohe reale nga Roboti) Case: industrial cleaner robot (Cleo)
_cPrekupi, F
942 _2udc
_cBK
999 _c45885
_d45885